Annual review of entomology / (Registro nro. 16693)

Detalles MARC
000 -CABECERA
Campo de control 01337cas a2200289 4500
005 - FECHA Y HORA DE LA ULTIMA TRANSACCION
Campo de control 20170424151107.0
008 - ELEMENTOS DE LONGITUD FIJA—INFORMACION GENERAL
Campo de control 750509c19569999cauar b 0 a0eng
022 0# - ISSN
ISSN 0066-4170
Fuente 1
040 ## - FUENTE DE CATALOGACIÓN
Agencia catalogadora original DLC
Agencia transcriptora UDI
Agencia Modificadora NSD
-- YUS
-- OCL
-- NSD
-- IUL
-- DLC
-- OCL
-- SER
-- AIP
-- NSD
-- AIP
-- NSD
-- OCL
-- NSD
-- AIP
-- OCL
-- NST
-- IUL
-- AGL
-- CUS
-- GUA
-- MYG
-- SYS
-- OCL
-- NLM
-- OCLCQ
-- GUA
-- NSD
-- OCLCQ
-- NLGGC
-- LVB
-- EEM
-- OCLCA
-- OCLCQ
-- BOS
-- OCLCQ
-- HEBIS
-- GEBAY
-- GBVCP
-- UKMGB
-- OCLCQ
-- AU@
-- P4I
-- OCLCO
-- DEBBG
-- OCLCO
-- OCLCQ
-- OCLCO
-- OCLCF
-- OCLCO
-- CO-BoIAVH
041 0# - IDIOMA
Código de idioma para texto/pista de sonido o título separado Español
044 ## - PAÍS DE PUBLICACIÓN
País de publicación Estados Unidos
090 ## - CLASIFICACIÓN LOCAL
Colección SE
245 00 - MENCION DE TITULO
Título Annual review of entomology /
Mención de responsabilidad editado por Ray F. Smith y Thomas E. Miltler
260 ## - PUBLICACION, DISTRIBUCION, ETC. (PIE DE IMPRENTA)
Lugar de publicación, distribución, etc. Palo Alto, Calif. :
Nombre del editor, distribuidor, etc. Annual Reviews,
Fecha de publicación, distribución, etc. 1956-.
300 ## - DESCRIPCION FISICA
Otros detalles físicos ilustraciones
Dimensiones 23 x 16 cm
310 ## - FRECUENCIA ACTUAL DE LA PUBLICACIÓN
Frecuencia actual de la publicación Anual
504 ## - NOTA DE BIBLIOGRAFIA, ETC.
Nota de bibliografía Incluye referencias bibliográficas.
510 2# - CITATION/REFERENCES NOTE
Name of source Chemical abstracts
International Standard Serial Number 0009-2258
650 26 - ASIENTO SECUNDARIO DE MATERIA - TERMINO TEMATICO
Término temático o nombre geográfico como elemento de entrada Insecta
Subdivisión de forma Publicaciones periódicas
9 (RLIN) 81092
650 26 - ASIENTO SECUNDARIO DE MATERIA - TERMINO TEMATICO
Término temático o nombre geográfico como elemento de entrada Insectos
Subdivisión de forma Publicaciones periódicas
9 (RLIN) 81093
650 26 - ASIENTO SECUNDARIO DE MATERIA - TERMINO TEMATICO
Término temático o nombre geográfico como elemento de entrada Entomología
Subdivisión de forma Publicaciones periódicas
9 (RLIN) 81094
700 1# - ASIENTO SECUNDARIO - NOMBRE PERSONAL
Nombre personal Smith, Ray F.
Término de relación editor
700 1# - ASIENTO SECUNDARIO - NOMBRE PERSONAL
Nombre personal Mittler, Thomas E.
Término de relación editor
710 2# - ASIENTO SECUNDARIO - NOMBRE CORPORATIVO
Nombre corporativo o de jurisdicción como elemento de entrada Entomological Society of America.
9 (RLIN) 81091
776 08 - ADDITIONAL PHYSICAL FORM ENTRY
Display text Online version:
Title Annual review of entomology (Online)
International Standard Serial Number 1545-4487
Record control number (DLC) 2003215307
-- (OCoLC)41333322
942 ## - ELEMENTOS ADICIONALES (KOHA)
Sistema de clasificación Local
Tipo de ítem Periodica o revista
Existencias
Withdrawn status Lost status Sistema de Clasificación Damaged status No para préstamo Colección Fecha publicación (Año) Volumen revista Inventariado Ubicación Permanente Ubicación actual Fecha de adquisición Fuente de adquisición Precio Datos de publicación Seriada Total Checkouts Número topográfico Inventario / Código de Barras Date last seen Ejemplar Price effective from Forma de adquisición Tipo de material
    Local     Hemeroteca 1969 14 Inventariado 2017 Bogotá Bogotá 06/03/2001 Fernández, Fernando 100.00 Volumen 14 (1969)   SE 005886 25/03/2015 Ej. 1 25/03/2015 Donación Periodica o revista